000 01494cam a22003134a 4500
005 20230903092104.0
008 010117s2001 nyu b 001 0 eng
010 _a 2001017643
020 _a0471398233 (pbk./CDROM : alk. paper)
040 _aDLC
_cDLC
_dDLC
042 _apcc
050 0 0 _aTK5105.888
_b.T48 2001
082 0 0 _a005.7/1376
_221
_bTHO-H
100 1 _aThomas, Stephen A.,
_d1962-
245 1 0 _aHTTP essentials :
_bprotocols for secure, scaleable, Web sites /
_cStephen A. Thomas.
260 _aNew York :
_bWiley,
_cc2001.
300 _axii, 321 p. :
_bill. ;
_c24 cm. +
500 _a"Wiley computer publishing".
504 _aIncludes bibliographical references (p. 279-282) and index.
538 _aSystem requirements for accompanying computer disc : Adobe Acrobat reader 4.0 for Windows and MacOS
650 0 _aWeb site development.
650 0 _aHTTP (Computer network protocol)
856 4 2 _3Contributor biographical information
_uhttp://www.loc.gov/catdir/bios/wiley043/2001017643.html
856 4 2 _3Publisher description
_uhttp://www.loc.gov/catdir/description/wiley036/2001017643.html
856 4 _3Table of Contents
_uhttp://www.loc.gov/catdir/toc/onix07/2001017643.html
906 _a7
_bcbc
_corignew
_d1
_eocip
_f19
_gy-gencatlg
999 _c33395
_d33395